UK Cities House Price Index (Record no. 119397)

MARC details
000 -LEADER
fixed length control field 00878cas a2200217 4500
001 - CONTROL NUMBER
control field L158230
008 - FIXED-LENGTH DATA ELEMENTS--GENERAL INFORMATION
fixed length control field 141028n2014 eng u
035 ## - SYSTEM CONTROL NUMBER
System control number (Sirsi) u158230
041 0# - LANGUAGE CODE
Language code of text/sound track or separate title eng
110 2# - MAIN ENTRY--CORPORATE NAME
Corporate name or jurisdiction name as entry element Hometrack
9 (RLIN) 4704
245 00 - TITLE STATEMENT
Title UK Cities House Price Index
260 ## - PUBLICATION, DISTRIBUTION, ETC.
Date of publication, distribution, etc. 2014-
490 #0 - SERIES STATEMENT
Series statement Hometrack UK Cities House Price Index
520 ## - SUMMARY, ETC.
Summary, etc. Analyses housing market trends across 20 Uk cities regionally and nationally based on Land Registry and Registers for Scotland transactional data. Replaces Hometrack Monthly House Price Survey with effect from October 2014
554 ## -
-- Monthly
651 #4 - SUBJECT ADDED ENTRY--GEOGRAPHIC NAME
Geographic name United Kingdom
Chronological subdivision
690 ## - LOCAL SUBJECT ADDED ENTRY--TOPICAL TERM (OCLC, RLIN)
Topical term or geographic name as entry element Residential property
9 (RLIN) 6266
780 00 - PRECEDING ENTRY
Title Hometrack Monthly House Price Survey
856 48 - ELECTRONIC LOCATION AND ACCESS
Uniform Resource Identifier <a href="https://www.hometrack.com/uk/insight/uk-cities-house-price-index/">https://www.hometrack.com/uk/insight/uk-cities-house-price-index/</a>
Public note View the item free of charge at www.hometrack.com
942 ## - ADDED ENTRY ELEMENTS (KOHA)
Suppress in OPAC 0
Holdings
Withdrawn status Lost status Source of classification or shelving scheme Damaged status Not for loan Home library Current library Shelving location Date acquired Total Checkouts Full call number Barcode Date last seen Price effective from Koha item type
    Dewey Decimal Classification     Virtual Virtual Online 28/10/2014   ONLINE PUBLICATION 158230-2001 06/08/2019 06/08/2019 Journal